000
00322nam a2200121Ia 4500
008
220204s9999 xx 000 0 und d
082
_a
NR:62:699.841
_b
KEL
100
_a
Kelly, James M
245
0
_a
Earthquake resistant design with rubber
260
_a
Berlin
_b
Springer
_c
1993
650
_a
Seismic isolation
942
_c
BK
999
_c
40603
_d
40603